| 000 | 00775nam a22002172a 4500 | ||
|---|---|---|---|
| 001 | 46358 | ||
| 003 | BD-RjUL | ||
| 005 | 20211209054136.0 | ||
| 008 | 160801s1950 enk 000 0 eng d | ||
| 035 |
_aOCLC ocm08926473 from D950901M _a(BD-RjUL)46476 |
||
| 040 |
_aSOI _cSOI _dUKM _dEQO _dBD-RjUL _beng |
||
| 041 | _aeng | ||
| 082 |
_a371.26 _bGLE 1950 |
||
| 100 | 1 |
_aGlassey, William. _9141561 |
|
| 245 | 1 | 4 |
_aThe educational development of children : _bthe teacher's guide to keeping the school records / _c[by] William Glassey and Edward J. Weeks. With a foreword by Sir Cyril Burt |
| 260 |
_aLondon : _bUniversity of London Press, _c1950 |
||
| 300 |
_a247 p. : _bill. ; _c23 cm. |
||
| 650 | 0 |
_aSchool reports _9141562 |
|
| 700 | 1 |
_aWeeks, Edward J. _9141563 |
|
| 942 |
_2ddc _cBK |
||
| 999 |
_c46358 _d46358 |
||